Gaming Quiz

Random Gaming or Board Games Quiz

Battleship # 40 (Difficulty Rtg: 4) Quiz Stats

 Plays Quiz not verified by Sporcle

Maximum score is 22. If you reach 22 (don't forget the 5 ships on the left) before your allotted tries are up, press 'Give Up' --- You've won!
Score 0/52 Timer 04:00
0 Plays Today
% Correct
HIT
93%
HIT
92.2%
HIT
91.4%
HIT
89.8%
HIT
88.3%
HIT
85.9%
HIT
85.2%
HIT
85.2%
HIT
85.2%
HIT
83.6%
HIT
83.6%
HIT
82.8%
HIT
80.5%
HIT
77.3%
HIT
76.6%
HIT
75%
HIT
74.2%
You Sunk My Battleship!
64.1%
Aircraft Carrier Destroyed!
64.1%
Submarine Destroyed!
62.5%
Cruiser Destroyed!
60.2%
Patrol Boat Destroyed!
55.5%
-
0%
-
0%
-
0%
-
0%
% Correct
-
0%
-
0%
-
0%
-
0%
-
0%
-
0%
-
0%
-
0%
-
0%
-
0%
-
0%
-
0%
-
0%
-
0%
-
0%
-
0%
-
0%
-
0%
-
0%
-
0%
-
0%
-
0%
-
0%
-
0%
-
0%
-
0%

You're not logged in!

Compare scores with friends on all Sporcle quizzes.
Join for Free
OR
Log In

You Might Also Like...

Show Comments

Extras

Top Quizzes Today


Score Distribution

Your Account Isn't Verified!

In order to create a playlist on Sporcle, you need to verify the email address you used during registration. Go to your Sporcle Settings to finish the process.

Report this User

Report this user for behavior that violates our Community Guidelines.

Details: